|
|
|
|
| LEADER |
02203nam a2200505 i 4500 |
| 001 |
EBC4906369 |
| 003 |
MiAaPQ |
| 005 |
20200520144314.0 |
| 006 |
m o d | |
| 007 |
cr cnu|||||||| |
| 008 |
170801t20182018enka ob 001 0 eng d |
| 020 |
|
|
|z 9781138736030
|
| 020 |
|
|
|a 9781351736190 (e-book)
|
| 020 |
|
|
|a 9781315186139 (e-book)
|
| 035 |
|
|
|a (MiAaPQ)EBC4906369
|
| 035 |
|
|
|a (Au-PeEL)EBL4906369
|
| 035 |
|
|
|a (CaPaEBR)ebr11407984
|
| 035 |
|
|
|a (CaONFJC)MIL1020403
|
| 035 |
|
|
|a (OCoLC)993757737
|
| 040 |
|
|
|a MiAaPQ
|b eng
|e rda
|e pn
|c MiAaPQ
|d MiAaPQ
|
| 043 |
|
|
|a a-cc---
|
| 050 |
|
4 |
|a HG187.C6
|b .Z436 2018
|
| 082 |
0 |
|
|a 332.0951
|2 23
|
| 100 |
1 |
|
|a Zhao, Changwen,
|d 1964-
|e author.
|
| 245 |
1 |
0 |
|a Financial reform in China :
|b the way from extraction to inclusion /
|c Changwen Zhao and Hongming Zhu.
|
| 264 |
|
1 |
|a London, [England] ;
|a New York, New York :
|b Routledge,
|c 2018.
|
| 264 |
|
4 |
|c 2018
|
| 300 |
|
|
|a 1 online resource (184 pages) :
|b illustrations, tables.
|
| 336 |
|
|
|a text
|2 rdacontent
|
| 337 |
|
|
|a computer
|2 rdamedia
|
| 338 |
|
|
|a online resource
|2 rdacarrier
|
| 490 |
1 |
|
|a Routledge Studies in the Modern World Economy ;
|v 169
|
| 504 |
|
|
|a Includes bibliographical references at the end of each chapters and index.
|
| 588 |
|
|
|a Description based on print version record.
|
| 590 |
|
|
|a Electronic reproduction. Ann Arbor, MI : ProQuest, 2016. Available via World Wide Web. Access may be limited to ProQuest affiliated libraries.
|
| 650 |
|
0 |
|a Finance
|z China.
|
| 650 |
|
0 |
|a Finance
|x Government policy
|z China.
|
| 651 |
|
0 |
|a China
|x Economic policy
|y 2000-
|
| 651 |
|
0 |
|a China
|x Economic conditions
|y 2000-
|
| 655 |
|
4 |
|a Electronic books.
|
| 700 |
1 |
|
|a Zhu, Hongming,
|e author.
|
| 776 |
0 |
8 |
|i Print version:
|a Zhao, Changwen, 1964-
|t Financial reform in China : the way from extraction to inclusion.
|d London, [England] ; New York, New York : Routledge, c2018
|h xvi, 183 pages
|k Routledge studies in the modern world economy ; 169.
|z 9781138736030
|w 2017008251
|
| 797 |
2 |
|
|a ProQuest (Firm)
|
| 830 |
|
0 |
|a Routledge studies in the modern world economy ;
|v 169.
|
| 856 |
4 |
0 |
|u https://ebookcentral.proquest.com/lib/matrademy/detail.action?docID=4906369
|z Click to View
|